[Event "MCR 2022 H08"]
[Site "Klatovy, Czech Republic"]
[Date "2022.04.09"]
[Round "6.14"]
[White "Milian, Jakub"]
[Black "Kobersky, Matyas"]
[Result "0-1"]
[WhiteElo "1000"]
[BlackElo "1000"]
[PlyCount "116"]
[EventDate "2022.04.09"]
[EventType "swiss"]
[EventRounds "9"]
[EventCountry "CZE"]

1. e4 e5 2. Nf3 Nc6 3. Nc3 Nf6 4. Bc4 Bc5 5. O-O d6 6. d3 h6 7. h3 Bd7 8. Qe2
O-O 9. Be3 Bxe3 10. Qxe3 Nb4 11. Rac1 Qe7 12. Nh4 Be6 13. Bxe6 Qxe6 14. a3 Nc6
15. Nf5 Rae8 16. Nd5 Nxd5 17. Qf3 Nd4 18. Qg4 g6 19. Nxh6+ Kh7 20. Qh4 Ne2+ 21.
Kh1 Nxc1 22. Nxf7+ Kg7 23. Ng5 Rf4 24. Qh7+ Kf6 25. Nxe6 Rxe6 26. exd5 Re7 27.
Qh8+ Kf7 28. Qh7+ Kf6 29. Rxc1 Rxh7 30. g3 Rxf2 31. Kg1 Rf5 32. g4 Rg5 33. Rf1+
Ke7 34. Kg2 c5 35. dxc6 bxc6 36. b4 c5 37. b5 e4 38. dxe4 Re5 39. a4 Rxe4 40.
a5 Re2+ 41. Kf3 Rxc2 42. Re1+ Kd7 43. b6 axb6 44. axb6 Kc8 45. Rb1 Rc3+ 46. Ke4
Rc4+ 47. Kd5 Rc2 48. Kxd6 Kb7 49. Kd5 Rxh3 50. Ke4 Rhc3 51. Ke5 Re2+ 52. Kf6
Rf3+ 53. Kxg6 Rg2 54. Kg5 Rfg3 55. Rb5 Rxg4+ 56. Kh5 R4g3 57. Kh4 Rg8 58. Rxc5
Rh2# 0-1

[Event "MCR 2022 H08"]
[Site "Klatovy, Czech Republic"]
[Date "2022.04.10"]
[Round "7.1"]
[White "Skoloud, Josef"]
[Black "Zelenka, Tomas"]
[Result "0-1"]
[WhiteElo "1068"]
[BlackElo "1158"]
[PlyCount "52"]
[EventDate "2022.04.09"]
[EventType "swiss"]
[EventRounds "9"]
[EventCountry "CZE"]

1. e4 e5 2. f4 d5 3. exd5 e4 4. Nc3 Nf6 5. d3 Bb4 6. Bd2 e3 7. Bxe3 O-O 8. Be2
Re8 9. Bd2 Bg4 10. Nf3 c6 11. dxc6 Nxc6 12. O-O Qc7 13. Re1 Re7 14. a3 Ba5 15.
b4 Bb6+ 16. Kh1 Rae8 17. f5 Bxf5 18. Bg5 Ng4 19. Qb1 Nd4 20. Bxe7 Nxf3 21. g3
Nxe1 22. Bc5 Bxc5 23. bxc5 Nf2+ 24. Kg1 Qxc5 25. Qxe1 Nxd3+ 26. Kf1 Bh3# 0-1

[Event "MCR 2022 H08"]
[Site "Klatovy, Czech Republic"]
[Date "2022.04.10"]
[Round "7.2"]
[White "Lutskiy, Mikhail"]
[Black "Bucek, Vit"]
[Result "1-0"]
[WhiteElo "1135"]
[BlackElo "1087"]
[PlyCount "83"]
[EventDate "2022.04.09"]
[EventType "swiss"]
[EventRounds "9"]
[EventCountry "CZE"]

1. e4 e5 2. Nf3 Nc6 3. Bc4 Nf6 4. d3 Bc5 5. Nc3 O-O 6. Be3 Bb6 7. O-O d6 8. Bg5
h6 9. Bh4 Be6 10. Bb3 Nd4 11. Nxd4 Bxd4 12. Ne2 Bg4 13. Qe1 Bxb2 14. Rb1 Ba3
15. f4 Bc5+ 16. Kh1 Qe7 17. fxe5 dxe5 18. Bxf6 gxf6 19. Qg3 Qd7 20. h3 Kh7 21.
hxg4 Rg8 22. Rxf6 Rxg4 23. Rxf7+ Qxf7 24. Qxg4 Rg8 25. Qxg8+ Qxg8 26. Bxg8+
Kxg8 27. Rxb7 Bb6 28. c4 Kf7 29. c5 Ba5 30. Rxa7 Bd2 31. Rxc7+ Kf6 32. c6 Ke6
33. Rc8 Kd6 34. Ng3 Kc5 35. Nf5 Bf4 36. a4 h5 37. a5 Kb5 38. c7 Kxa5 39. Ra8+
Kb6 40. c8=Q Bd2 41. Ra6+ Kb5 42. Qc4# 1-0

[Event "MCR 2022 H08"]
[Site "Klatovy, Czech Republic"]
[Date "2022.04.10"]
[Round "7.3"]
[White "Trejbal, Jindrich 2014"]
[Black "Tomes, Jan"]
[Result "1/2-1/2"]
[WhiteElo "1101"]
[BlackElo "1000"]
[PlyCount "134"]
[EventDate "2022.04.09"]
[EventType "swiss"]
[EventRounds "9"]
[EventCountry "CZE"]

1. e4 d5 2. exd5 Nf6 3. Bc4 Bf5 4. Nc3 Ne4 5. Qf3 Nxc3 6. Qxc3 Be4 7. Bb5+ c6
8. dxc6 Nxc6 9. f3 Bd5 10. Ne2 e6 11. Nd4 Qd7 12. Nxc6 Bxc6 13. Bxc6 Qxc6 14.
Qxc6+ bxc6 15. d3 Bc5 16. Bf4 Rd8 17. O-O-O Ke7 18. Rhe1 Rhe8 19. Re2 Bd6 20.
Bxd6+ Rxd6 21. f4 g6 22. g4 f5 23. gxf5 gxf5 24. Rde1 Rg8 25. Rf2 Kf6 26. Ree2
c5 27. Rg2 Rg6 28. Kd2 c4 29. Rxg6+ hxg6 30. Re3 cxd3 31. Rxd3 Ra6 32. a3 g5
33. Ke3 gxf4+ 34. Kxf4 e5+ 35. Ke3 f4+ 36. Kf3 Kf5 37. Rd5 Rc6 38. c3 Rh6 39.
Kg2 Rg6+ 40. Kf3 Rh6 41. Kg2 Rg6+ 42. Kf3 Re6 43. c4 Rb6 44. Rb5 Rxb5 45. cxb5
e4+ 46. Kf2 Ke5 47. a4 Kd4 48. a5 e3+ 49. Ke2 f3+ 50. Kxf3 Kd3 51. b6 axb6 52.
axb6 e2 53. b7 e1=Q 54. b8=Q Qe4+ 55. Kg3 Qg6+ 56. Kf3 Qe4+ 57. Kg3 Qg6+ 58.
Kh4 Qf6+ 59. Kh3 Qf5+ 60. Kg2 Qe4+ 61. Kf2 Qe3+ 62. Kg2 Qe4+ 63. Kg3 Qg6+ 64.
Kf4 Qf6+ 65. Kg3 Qg5+ 66. Kh3 Qh5+ 67. Kg2 Qd5+ 1/2-1/2

[Event "MCR 2022 H08"]
[Site "Klatovy, Czech Republic"]
[Date "2022.04.10"]
[Round "7.4"]
[White "Cerny, Ren"]
[Black "Fadrny, Jonas"]
[Result "1-0"]
[WhiteElo "1000"]
[BlackElo "1000"]
[PlyCount "91"]
[EventDate "2022.04.09"]
[EventType "swiss"]
[EventRounds "9"]
[EventCountry "CZE"]

1. d4 d5 2. Nc3 Nf6 3. e4 dxe4 4. f3 exf3 5. Nxf3 Bg4 6. Bc4 Bxf3 7. Qxf3 c6 8.
d5 Qc8 9. Be3 cxd5 10. Bxd5 Nxd5 11. Qxd5 Nc6 12. O-O-O b6 13. Rhf1 e6 14. Qf3
Ne5 15. Qf4 f6 16. Qa4+ Nc6 17. Ne4 Be7 18. Nd6+ Bxd6 19. Rxd6 O-O 20. Qxc6
Qxc6 21. Rxc6 e5 22. Rd1 Rfe8 23. Rd7 Red8 24. Rcc7 Rxd7 25. Rxd7 h6 26. c4 Rc8
27. b3 b5 28. c5 a6 29. b4 g5 30. Ra7 Rc6 31. Kd2 f5 32. Re7 Rc8 33. Rxe5 Kg7
34. Bd4 Kg6 35. Re6+ Kh5 36. Rxa6 Rd8 37. Kc3 Re8 38. c6 Re2 39. c7 Re1 40. Bb6
Rc1+ 41. Kb3 Rb1+ 42. Kc2 Rxb4 43. c8=Q Rg4 44. Qxf5 Rxg2+ 45. Bf2 Rg4 46. Qg6#
1-0

[Event "MCR 2022 H08"]
[Site "Klatovy, Czech Republic"]
[Date "2022.04.10"]
[Round "7.5"]
[White "Koutecky, Vaclav 2014"]
[Black "Bartak, Tobias"]
[Result "1-0"]
[WhiteElo "1000"]
[BlackElo "1000"]
[PlyCount "75"]
[EventDate "2022.04.09"]
[EventType "swiss"]
[EventRounds "9"]
[EventCountry "CZE"]

1. e4 d5 2. d4 dxe4 3. Nc3 Nf6 4. Bg5 Nc6 5. d5 Nb4 6. a3 Na6 7. Bc4 Bg4 8. f3
exf3 9. Nxf3 e5 10. h3 e4 11. hxg4 exf3 12. Qxf3 Bc5 13. Ne4 Bd4 14. c3 Bb6 15.
Nxf6+ gxf6 16. Bxf6 Qd6 17. Qe3+ Bxe3 18. Bxh8 Qe7 19. Be2 Nc5 20. Bb5+ c6 21.
dxc6 bxc6 22. Bxc6+ Kd8 23. Bxa8 Bd4+ 24. Kd2 Bxh8 25. Rad1 Ne4+ 26. Ke3+ Nd6+
27. Kf3 Qf6+ 28. Ke2 Qe5+ 29. Kf3 Ke7 30. Rhe1 Ke6 31. Rxe5+ Kxe5 32. Re1+ Kf6
33. Kf4 Kg6 34. g5 Nc4 35. Be4+ f5 36. Bxf5+ Kh5 37. g4+ Kh4 38. Rh1# 1-0

[Event "MCR 2022 H08"]
[Site "Klatovy, Czech Republic"]
[Date "2022.04.10"]
[Round "7.6"]
[White "Krejcik, Radek"]
[Black "Burel, Jan"]
[Result "0-1"]
[WhiteElo "1000"]
[BlackElo "1000"]
[PlyCount "54"]
[EventDate "2022.04.09"]
[EventType "swiss"]
[EventRounds "9"]
[EventCountry "CZE"]

1. e4 e5 2. f4 Nc6 3. Nf3 Nf6 4. Nc3 Bd6 5. fxe5 Bxe5 6. Nxe5 Nxe5 7. Bb5 a6 8.
Be2 d6 9. O-O Be6 10. d4 Nc6 11. d5 Bd7 12. dxc6 Bxc6 13. Bg5 h6 14. Bxf6 gxf6
15. b4 Qe7 16. a3 Qf8 17. Rxf6 Qg7 18. Rf2 Qxc3 19. Rb1 Bxe4 20. Qc1 Qg7 21. g3
Bc6 22. Qe3+ Kd8 23. Rd1 Re8 24. Qc1 Qg6 25. Bd3 Qe6 26. Rff1 Qd5 27. Rf2 Qh1#
0-1

[Event "MCR 2022 H08"]
[Site "Klatovy, Czech Republic"]
[Date "2022.04.10"]
[Round "7.7"]
[White "Strihavka, Petr"]
[Black "Hradek, Martin"]
[Result "0-1"]
[WhiteElo "1000"]
[BlackElo "1000"]
[PlyCount "116"]
[EventDate "2022.04.09"]
[EventType "swiss"]
[EventRounds "9"]
[EventCountry "CZE"]

1. d4 e6 2. Bf4 d6 3. Nc3 Bd7 4. Nf3 Be7 5. e3 Nf6 6. g3 Nc6 7. Bg2 O-O 8. O-O
e5 9. dxe5 dxe5 10. Bxe5 Nxe5 11. Nxe5 Bd6 12. Nxd7 Qxd7 13. Bxb7 Rab8 14. Bd5
Nxd5 15. Nxd5 Rxb2 16. Nf4 Qc6 17. Qd4 Rxc2 18. Nh5 f6 19. g4 Be5 20. Qd3 Bxa1
21. Rxa1 Rc1+ 22. Rxc1 Qxc1+ 23. Kg2 Qc6+ 24. f3 Qa4 25. Qd5+ Rf7 26. Qd8+ Rf8
27. Qxc7 Qxa2+ 28. Kg3 Rf7 29. Qc5 g6 30. Nf4 Qb3 31. Nd5 Qb8+ 32. f4 g5 33.
Ne7+ Kh8 34. Nc6 gxf4+ 35. exf4 Qb3+ 36. Kh4 Rc7 37. Qf8+ Qg8 38. Qxf6+ Rg7 39.
Ne7 Qf7 40. Qg5 Rxg5 41. fxg5 Qxe7 42. Kh5 a5 43. Kh4 Qe1+ 44. Kh3 a4 45. Kg2
a3 46. Kf3 a2 47. g6 hxg6 48. Kf4 a1=R 49. Kg5 Ra5+ 50. Kh6 Qh4+ 51. Kxg6 Qg5+
52. Kf7 Ra6 53. Kf8 Rf6+ 54. Ke7 Qe5+ 55. Kd7 Rd6+ 56. Kc7 Qc5+ 57. Kb7 Rb6+
58. Ka7 Qb5 0-1

[Event "MCR 2022 H08"]
[Site "Klatovy, Czech Republic"]
[Date "2022.04.10"]
[Round "7.8"]
[White "Tomes, Dominik"]
[Black "Kasalicky, Divis"]
[Result "1-0"]
[WhiteElo "1000"]
[BlackElo "1000"]
[PlyCount "55"]
[EventDate "2022.04.09"]
[EventType "swiss"]
[EventRounds "9"]
[EventCountry "CZE"]

1. e4 e5 2. Nf3 Nc6 3. Bc4 Bc5 4. O-O Nf6 5. Nc3 d6 6. d3 Bg4 7. Bg5 Nd4 8. h3
Bxh3 9. gxh3 Qc8 10. Nxd4 Bxd4 11. Be3 Qxh3 12. Bxd4 Ng4 13. Re1 Qh2+ 14. Kf1
exd4 15. Qxg4 h5 16. Qxg7 Rg8 17. Qxf7+ Kd8 18. Qxg8+ Kd7 19. Qxa8 dxc3 20.
bxc3 Kc6 21. Rab1 h4 22. Qxb7+ Kd7 23. Bb5+ Ke6 24. Qc8+ Kf7 25. Bc4+ Kg6 26.
Qg8+ Kh5 27. Bf7+ Kh6 28. Qg6# 1-0

[Event "MCR 2022 H08"]
[Site "Klatovy, Czech Republic"]
[Date "2022.04.10"]
[Round "7.9"]
[White "Vostracky, Martin"]
[Black "Habetinek, Jan"]
[Result "0-1"]
[WhiteElo "1000"]
[BlackElo "1000"]
[PlyCount "102"]
[EventDate "2022.04.09"]
[EventType "swiss"]
[EventRounds "9"]
[EventCountry "CZE"]

1. e4 d5 2. exd5 Nf6 3. Nf3 Nxd5 4. d4 Bg4 5. h3 Bxf3 6. gxf3 e6 7. Bc4 Bd6 8.
Bd2 Nc6 9. Bxd5 exd5 10. Nc3 O-O 11. Be3 Bb4 12. Rg1 Bxc3+ 13. bxc3 Qd7 14. Bh6
Rfe8+ 15. Kf1 Qxh3+ 16. Rg2 Qxh6 17. Qc1 Qxc1+ 18. Rxc1 Rad8 19. Re1 Rxe1+ 20.
Kxe1 Re8+ 21. Kd2 b5 22. a3 a5 23. Rg1 b4 24. cxb4 axb4 25. axb4 Nxd4 26. Kd3
Nxf3 27. b5 Nxg1 28. Kd4 Rb8 29. Kc5 d4 30. Kc6 Rc8 31. Kb7 Rd8 32. Kxc7 d3 33.
cxd3 Rxd3 34. b6 Rb3 35. b7 Rxb7+ 36. Kxb7 h5 37. Kc6 h4 38. f4 h3 39. Kd6 h2
40. f5 f6 41. Ke6 h1=Q 42. Kd6 Qe4 43. Kc7 Qxf5 44. Kb6 Qd5 45. Ka7 Qc6 46. Kb8
Qd7 47. Ka8 Kf7 48. Kb8 Ke7 49. Ka8 Qb5 50. Ka7 Kd7 51. Ka8 Kc7 0-1

[Event "MCR 2022 H08"]
[Site "Klatovy, Czech Republic"]
[Date "2022.04.10"]
[Round "7.10"]
[White "Kobersky, Matyas"]
[Black "Vasina, Tadeas"]
[Result "0-1"]
[WhiteElo "1000"]
[BlackElo "1000"]
[PlyCount "34"]
[EventDate "2022.04.09"]
[EventType "swiss"]
[EventRounds "9"]
[EventCountry "CZE"]

1. d4 Nf6 2. c4 e6 3. a3 d5 4. Nc3 dxc4 5. e4 Be7 6. Nf3 O-O 7. Bxc4 c5 8. d5
Qb6 9. O-O Bd7 10. e5 Ng4 11. d6 Bd8 12. Re1 Nc6 13. Bf4 Qxb2 14. Na4 Qxf2+ 15.
Kh1 Bh4 16. g3 Bd8 17. Ng5 Qxh2# 0-1

[Event "MCR 2022 H08"]
[Site "Klatovy, Czech Republic"]
[Date "2022.04.10"]
[Round "7.11"]
[White "Kupka, Frantisek 2014"]
[Black "Kohout, Filip"]
[Result "1-0"]
[WhiteElo "1000"]
[BlackElo "1000"]
[PlyCount "79"]
[EventDate "2022.04.09"]
[EventType "swiss"]
[EventRounds "9"]
[EventCountry "CZE"]

1. e4 e5 2. Nf3 Nc6 3. Nc3 Bc5 4. Nxe5 Nxe5 5. d4 Bb4 6. dxe5 Bxc3+ 7. bxc3 Qe7
8. Bf4 Qh4 9. g3 Qe7 10. Rb1 Qc5 11. Rb3 Qa5 12. Bc4 Qxa2 13. Rb4 Qa3 14. O-O
Qxc3 15. Qb1 a5 16. Ra4 Qd4 17. Bxf7+ Kxf7 18. Rxd4 a4 19. Qa2+ Ke8 20. Rxa4
Rxa4 21. Qxa4 c6 22. Qa8 Kd8 23. Qb8 Ne7 24. Bg5 Re8 25. Rd1 d5 26. exd5 h6 27.
Bf4 Nxd5 28. c4 Re7 29. cxd5 cxd5 30. Rxd5+ Rd7 31. Rc5 Rd1+ 32. Kg2 Rb1 33.
Qxc8+ Ke7 34. Qc7+ Ke6 35. g4 b6 36. Qc6+ Ke7 37. Rd5 Rc1 38. Qxb6 Rc8 39. Qb7+
Ke6 40. Qd7# 1-0

[Event "MCR 2022 H08"]
[Site "Klatovy, Czech Republic"]
[Date "2022.04.10"]
[Round "7.12"]
[White "Vratny, Vojtech"]
[Black "Krivka, Lukas"]
[Result "0-1"]
[WhiteElo "1000"]
[BlackElo "1000"]
[PlyCount "102"]
[EventDate "2022.04.09"]
[EventType "swiss"]
[EventRounds "9"]
[EventCountry "CZE"]

1. e4 e5 2. Nf3 d6 3. Bc4 Nf6 4. Nc3 Bg4 5. Be2 Be7 6. O-O O-O 7. h3 Bxf3 8.
Bxf3 h6 9. d3 Nc6 10. Be3 Nd4 11. Bxd4 exd4 12. Ne2 c5 13. b4 Re8 14. bxc5 dxc5
15. c3 b6 16. cxd4 cxd4 17. Qa4 Bc5 18. Rfc1 Rc8 19. Bg4 Nxg4 20. hxg4 Kh7 21.
Rab1 f6 22. Rb2 g5 23. Rbc2 Kg6 24. Nxd4 h5 25. Qc4 hxg4 26. Ne6 Qd6 27. Nd4
Re5 28. Nb3 a5 29. Nxc5 Rcxc5 30. Qb3 Rb5 31. Qg8+ Kh6 32. Rc7 Re7 33. Rxe7
Qxe7 34. Qc4 Rc5 35. Qb3 Rxc1+ 36. Kh2 Qd6+ 37. g3 Rf1 38. Kg2 Ra1 39. Qb2 Rd1
40. Qe2 Rxd3 41. Qxg4 Qc5 42. Qh3+ Kg7 43. Qh5 Rd2 44. Qf3 Rxa2 45. Kg1 Ra1+
46. Kg2 b5 47. Qb3 a4 48. Qb2 Qa3 49. Qxb5 Qc1 50. Qd7+ Kh6 51. Qf5 Qh1# 0-1

[Event "MCR 2022 H08"]
[Site "Klatovy, Czech Republic"]
[Date "2022.04.10"]
[Round "7.13"]
[White "Hurt, Marek"]
[Black "Sury, Jakub"]
[Result "1-0"]
[WhiteElo "1000"]
[BlackElo "1006"]
[PlyCount "167"]
[EventDate "2022.04.09"]
[EventType "swiss"]
[EventRounds "9"]
[EventCountry "CZE"]

1. e4 e5 2. Bc4 Nf6 3. Nc3 Nc6 4. Nf3 Bc5 5. O-O O-O 6. d3 d6 7. Bg5 Be6 8.
Bxe6 fxe6 9. Qe2 Qe7 10. Bxf6 Qxf6 11. Nb5 Qd8 12. g3 a6 13. Nc3 b5 14. a3 Qe7
15. b4 Bb6 16. Qd2 Rxf3 17. Qe2 Nd4 18. Qd2 Ba7 19. a4 bxa4 20. Rxa4 c5 21.
bxc5 dxc5 22. Rxa6 Qb7 23. Rfa1 Raf8 24. Rxa7 Qb8 25. Ne2 Nxe2+ 26. Qxe2 R3f7
27. Rxf7 Rxf7 28. Qg4 Qe8 29. Ra6 Rf6 30. Kg2 Qf7 31. Qe2 Qb7 32. d4 cxd4 33.
Qc4 Qxe4+ 34. Kg1 Qf5 35. Rb6 Qxf2+ 36. Kh1 g5 37. Rb7 Rf8 38. Qxe6+ Kh8 39.
Qc4 Qf1+ 40. Qxf1 Rxf1+ 41. Kg2 Rf8 42. Re7 Rc8 43. Rxe5 Rxc2+ 44. Kf1 d3 45.
Rd5 Rd2 46. Ke1 Rxh2 47. Rxd3 Rh3 48. Kf1 h5 49. Kg2 g4 50. Re3 h4 51. Rd3 hxg3
52. Rxg3 Rh4 53. Kf2 Kh7 54. Rg1 Kh6 55. Kg3 Kg5 56. Rg2 Kh5 57. Rg1 Rh3+ 58.
Kg2 g3 59. Kxh3 Kg5 60. Rxg3+ Kf4 61. Kh4 Kf5 62. Rg4 Ke5 63. Rg8 Kf6 64. Kh5
Kf7 65. Rg6 Ke7 66. Rg1 Kd6 67. Re1 Kd5 68. Kg4 Kd4 69. Kf3 Kd5 70. Kf4 Kd6 71.
Kf5 Kd7 72. Kf6 Kd8 73. Kf7 Kd7 74. Rd1+ Kc6 75. Ke7 Kc5 76. Rd8 Kb5 77. Rc8
Kb4 78. Kd6 Kb3 79. Kd5 Ka4 80. Rb8 Ka3 81. Kc4 Ka2 82. Kc3 Ka1 83. Kc2 Ka2 84.
Ra8# 1-0

[Event "MCR 2022 H08"]
[Site "Klatovy, Czech Republic"]
[Date "2022.04.10"]
[Round "7.14"]
[White "Bartecek, David"]
[Black "Kloubek, Vit"]
[Result "1-0"]
[WhiteElo "1000"]
[BlackElo "1000"]
[PlyCount "49"]
[EventDate "2022.04.09"]
[EventType "swiss"]
[EventRounds "9"]
[EventCountry "CZE"]

1. e4 d5 2. Nc3 dxe4 3. Nxe4 Nf6 4. d3 Nxe4 5. Nf3 Nxf2 6. Kxf2 Bg4 7. Be2 Nc6
8. Rf1 Nd4 9. Kg1 Nxf3+ 10. Bxf3 Bxf3 11. Qxf3 e5 12. Qxb7 Bc5+ 13. Kh1 Rb8 14.
Qc6+ Qd7 15. Qxc5 Rb5 16. Qxa7 e4 17. Qa8+ Qd8 18. Qc6+ Qd7 19. Qxe4+ Qe7 20.
Qg4 Re5 21. Bg5 Qc5 22. d4 Qb5 23. dxe5 Qxb2 24. Rae1 Qxc2 25. Qc8# 1-0

[Event "MCR 2022 H08"]
[Site "Klatovy, Czech Republic"]
[Date "2022.04.10"]
[Round "8.1"]
[White "Zelenka, Tomas"]
[Black "Cerny, Ren"]
[Result "1-0"]
[WhiteElo "1158"]
[BlackElo "1000"]
[PlyCount "38"]
[EventDate "2022.04.09"]
[EventType "swiss"]
[EventRounds "9"]
[EventCountry "CZE"]

1. e4 e5 2. Nf3 Nf6 3. d4 exd4 4. Nxd4 Bc5 5. e5 Ne4 6. Be3 f6 7. Bc4 d5 8.
exd6 Qxd6 9. O-O Bd7 10. Re1 f5 11. f3 Ng5 12. Bf4+ Kd8 13. Bxd6 cxd6 14. Nc3
Nc6 15. Bd5 Kc7 16. Re7 Kb6 17. Bxc6 Ka5 18. b4+ Ka6 19. bxc5 Rhb8 1-0

[Event "MCR 2022 H08"]
[Site "Klatovy, Czech Republic"]
[Date "2022.04.10"]
[Round "8.2"]
[White "Trejbal, Jindrich 2014"]
[Black "Lutskiy, Mikhail"]
[Result "0-1"]
[WhiteElo "1101"]
[BlackElo "1135"]
[PlyCount "86"]
[EventDate "2022.04.09"]
[EventType "swiss"]
[EventRounds "9"]
[EventCountry "CZE"]

1. e4 e5 2. Nf3 Nc6 3. Bc4 Nf6 4. Ng5 d5 5. exd5 Na5 6. Bb5+ c6 7. dxc6 bxc6 8.
Be2 h6 9. Nf3 Bd6 10. g3 Bd7 11. Nc3 c5 12. d3 Nc6 13. Ne4 Be7 14. Be3 Rb8 15.
b3 O-O 16. Nxf6+ Bxf6 17. Rb1 Qa5+ 18. Nd2 Qxa2 19. Bxc5 Rfe8 20. Ra1 Qb2 21.
Bxa7 Nxa7 22. Rxa7 Bc6 23. O-O Qd4 24. Bf3 Bxf3 25. Ra4 Bxd1 26. Rxd4 exd4 27.
Rxd1 Rbc8 28. Nc4 Re2 29. Rc1 Ra8 30. Kf1 Ree8 31. Nb6 Ra2 32. Na4 Rc8 33. c4
dxc3 34. Ke1 Be7 35. Nxc3 Bb4 36. Kf1 Rxc3 37. Re1 Rcc2 38. Re8+ Kh7 39. Rb8
Rxf2+ 40. Kg1 Bc5 41. Rh8+ Kxh8 42. d4 Bxd4 43. b4 Ra1# 0-1

[Event "MCR 2022 H08"]
[Site "Klatovy, Czech Republic"]
[Date "2022.04.10"]
[Round "8.3"]
[White "Tomes, Jan"]
[Black "Tomes, Dominik"]
[Result "1-0"]
[WhiteElo "1000"]
[BlackElo "1000"]
[PlyCount "59"]
[EventDate "2022.04.09"]
[EventType "swiss"]
[EventRounds "9"]
[EventCountry "CZE"]

1. e4 e5 2. Nf3 Nc6 3. Bc4 Bc5 4. O-O Nf6 5. d3 O-O 6. Bg5 d6 7. Nc3 Bg4 8. h3
Bxf3 9. Qxf3 h6 10. Bh4 g5 11. Bg3 Nd4 12. Qd1 a6 13. Nd5 Nxd5 14. Bxd5 c6 15.
Bc4 b5 16. Bb3 a5 17. c3 a4 18. cxd4 exd4 19. Bc2 b4 20. b3 axb3 21. Bxb3 d5
22. exd5 cxd5 23. Qf3 Bd6 24. Bxd6 Qxd6 25. Bxd5 Rfd8 26. Bxa8 Qa6 27. Bd5 Qd6
28. Qxf7+ Kh8 29. Be4 Rf8 30. Qh7# 1-0

[Event "MCR 2022 H08"]
[Site "Klatovy, Czech Republic"]
[Date "2022.04.10"]
[Round "8.4"]
[White "Bucek, Vit"]
[Black "Skoloud, Josef"]
[Result "1-0"]
[WhiteElo "1087"]
[BlackElo "1068"]
[PlyCount "75"]
[EventDate "2022.04.09"]
[EventType "swiss"]
[EventRounds "9"]
[EventCountry "CZE"]

1. e4 d5 2. exd5 Qxd5 3. Nc3 Qa5 4. Nf3 Nf6 5. d4 e6 6. Bd2 c6 7. a3 Bd7 8. Bd3
Be7 9. O-O O-O 10. h3 c5 11. Nd5 exd5 12. Bxa5 b6 13. Bd2 Ne4 14. Bxe4 dxe4 15.
Ne5 cxd4 16. Bb4 Bxb4 17. axb4 Bb5 18. Re1 Re8 19. Ng4 d3 20. cxd3 Bxd3 21.
Qxd3 Nc6 22. Qd5 Nxb4 23. Qb3 Nc6 24. Re3 Na5 25. Qd1 Nc4 26. Rg3 Re6 27. Rc1
Nxb2 28. Qc2 Ree8 29. Qxb2 Re6 30. Qc3 Ree8 31. Nf6+ Kf8 32. Nxe8 Kxe8 33. Rxg7
a5 34. Qf6 Ra7 35. Rd1 Rd7 36. Rxd7 Kxd7 37. Rxf7+ Ke8 38. Qe7# 1-0

[Event "MCR 2022 H08"]
[Site "Klatovy, Czech Republic"]
[Date "2022.04.10"]
[Round "8.5"]
[White "Burel, Jan"]
[Black "Koutecky, Vaclav 2014"]
[Result "0-1"]
[WhiteElo "1000"]
[BlackElo "1000"]
[PlyCount "60"]
[EventDate "2022.04.09"]
[EventType "swiss"]
[EventRounds "9"]
[EventCountry "CZE"]

1. e4 e5 2. Nf3 Nc6 3. d4 exd4 4. Nxd4 Bc5 5. Be3 Bb6 6. Bc4 Nf6 7. Nc3 d6 8.
O-O O-O 9. h3 h6 10. Nxc6 bxc6 11. Bxb6 cxb6 12. Re1 Re8 13. Qf3 Be6 14. Bxe6
Rxe6 15. Rad1 Qe7 16. a4 Rd8 17. b4 d5 18. exd5 Rxe1+ 19. Rxe1 Qxe1+ 20. Kh2
cxd5 21. a5 d4 22. Nb5 a6 23. Na7 Qxb4 24. Nc6 Qd6+ 25. g3 Rc8 26. Na7 Rxc2 27.
Qa8+ Kh7 28. Nc8 Rxf2+ 29. Kh1 Qxg3 30. Qe4+ Nxe4 0-1

[Event "MCR 2022 H08"]
[Site "Klatovy, Czech Republic"]
[Date "2022.04.10"]
[Round "8.6"]
[White "Fadrny, Jonas"]
[Black "Hradek, Martin"]
[Result "0-1"]
[WhiteElo "1000"]
[BlackElo "1000"]
[PlyCount "112"]
[EventDate "2022.04.09"]
[EventType "swiss"]
[EventRounds "9"]
[EventCountry "CZE"]

1. e4 e6 2. d4 Nf6 3. e5 Nh5 4. Qxh5 g6 5. Qd1 Nc6 6. Nc3 Bg7 7. Nf3 O-O 8. Bd3
d6 9. exd6 cxd6 10. O-O e5 11. d5 Nb4 12. a3 Nxd3 13. Qxd3 Qe7 14. Qe2 Bg4 15.
Qe3 Bxf3 16. Qxf3 Qh4 17. Qg3 Qc4 18. f4 Qd4+ 19. Kh1 exf4 20. Rxf4 Qc5 21. Be3
Qc8 22. Bd4 Be5 23. Bxe5 dxe5 24. Re4 Qc5 25. Rxe5 Qd4 26. Rd1 Qc4 27. Re4 Qc8
28. Qh3 Qxh3 29. gxh3 Rfe8 30. Rxe8+ Rxe8 31. d6 Rd8 32. d7 f5 33. Nb5 f4 34.
Kg2 a6 35. Nc7 Kf7 36. Na8 Ke7 37. Nb6 g5 38. Kf3 h5 39. Ke4 h4 40. Kf5 f3 41.
Rd3 f2 42. Rf3 g4 43. hxg4 Rf8+ 44. Ke4 Rxf3 45. Kxf3 f1=Q+ 46. Ke3 Qb5 47. Kf4
Qxb6 48. Kg5 Kxd7 49. Kxh4 Qh6+ 50. Kg3 Ke6 51. h4 Qe3+ 52. Kg2 Ke5 53. Kh2 Kf4
54. h5 Qg3+ 55. Kh1 Kf3 56. h6 Qg2# 0-1

[Event "MCR 2022 H08"]
[Site "Klatovy, Czech Republic"]
[Date "2022.04.10"]
[Round "8.7"]
[White "Habetinek, Jan"]
[Black "Vasina, Tadeas"]
[Result "1-0"]
[WhiteElo "1000"]
[BlackElo "1000"]
[PlyCount "149"]
[EventDate "2022.04.09"]
[EventType "swiss"]
[EventRounds "9"]
[EventCountry "CZE"]

1. e4 d5 2. e5 c5 3. Bb5+ Bd7 4. Bxd7+ Nxd7 5. Nf3 e6 6. O-O Ne7 7. d3 Nf5 8.
Bg5 Be7 9. Bxe7 Qxe7 10. Re1 O-O 11. d4 cxd4 12. Nxd4 Nxd4 13. Qxd4 Rad8 14.
Nd2 b6 15. Re3 Rfe8 16. Rg3 Nc5 17. Qg4 g6 18. Qf4 Ne4 19. Nxe4 dxe4 20. Qh6
Qd7 21. h3 Re7 22. Rg4 f5 23. exf6 Rf7 24. Rxe4 Rxf6 25. Rh4 Rf7 26. Re1 Qd2
27. Qxd2 Rxd2 28. Rxe6 Rd1+ 29. Kh2 Rxf2 30. Re8+ Rf8 31. Rxf8+ Kxf8 32. Rxh7
Rd2 33. Rc7 g5 34. Rc8+ Ke7 35. Rc7+ Kd8 36. Rxa7 Rxc2 37. Ra8+ Kc7 38. b4 Kb7
39. Rg8 Rxa2 40. Rg7+ Kc6 41. Rg6+ Kb5 42. Rxg5+ Kxb4 43. h4 b5 44. h5 Kc4 45.
Rg4+ Kc5 46. h6 b4 47. h7 Ra8 48. Rg5+ Kc4 49. Rh5 b3 50. h8=Q Rxh8 51. Rxh8 b2
52. Rb8 Kc3 53. Rxb2 Kxb2 54. Kg3 Kc3 55. Kf3 Kd4 56. Kf4 Kd5 57. g3 Ke6 58. g4
Kf6 59. g5+ Kg6 60. Kg4 Kf7 61. Kh5 Kg7 62. g6 Kh8 63. Kg5 Kg7 64. Kf5 Kf8 65.
Kf6 Kg8 66. g7 Kh7 67. Kf7 Kh6 68. g8=Q Kh5 69. Kf6 Kh4 70. Kf5 Kh3 71. Qg4+
Kh2 72. Kf4 Kh1 73. Kf3 Kh2 74. Kf2 Kh1 75. Qg1# 1-0

[Event "MCR 2022 H08"]
[Site "Klatovy, Czech Republic"]
[Date "2022.04.10"]
[Round "8.8"]
[White "Krivka, Lukas"]
[Black "Kupka, Frantisek 2014"]
[Result "1/2-1/2"]
[WhiteElo "1000"]
[BlackElo "1000"]
[PlyCount "59"]
[EventDate "2022.04.09"]
[EventType "swiss"]
[EventRounds "9"]
[EventCountry "CZE"]

1. e4 e5 2. Nf3 Nc6 3. Bb5 a6 4. Bxc6 dxc6 5. O-O Nf6 6. Nc3 Bb4 7. Nxe5 Bxc3
8. dxc3 Qe7 9. Bf4 Nxe4 10. Re1 Bf5 11. Qh5 O-O 12. Qxf5 Nd6 13. Qd3 Qh4 14.
Bg3 Qf6 15. Nd7 Qg5 16. Nxf8 Rxf8 17. Bxd6 cxd6 18. Qxd6 h6 19. h3 Rd8 20. Qb4
f5 21. Qc4+ Kh7 22. Rad1 Rf8 23. Qc5 Rf6 24. Rd8 Kg6 25. g3 f4 26. Kg2 Qxc5 27.
gxf4 Rxf4 28. Re6+ Kg5 29. Re2 Qc4 30. Rde8 1/2-1/2

[Event "MCR 2022 H08"]
[Site "Klatovy, Czech Republic"]
[Date "2022.04.10"]
[Round "8.9"]
[White "Bartak, Tobias"]
[Black "Flidr, Jan"]
[Result "1-0"]
[WhiteElo "1000"]
[BlackElo "1000"]
[PlyCount "91"]
[EventDate "2022.04.09"]
[EventType "swiss"]
[EventRounds "9"]
[EventCountry "CZE"]

1. e4 e5 2. f4 exf4 3. Nf3 Nc6 4. Nc3 Nf6 5. Bc4 Bc5 6. d3 d6 7. Bxf4 Nh5 8.
Bg5 f6 9. Bd2 Bg4 10. Na4 Qe7 11. Nxc5 dxc5 12. O-O O-O-O 13. h3 Bxf3 14. Qxf3
Qe5 15. Qg4+ f5 16. Qxh5 fxe4 17. Qg4+ Kb8 18. Bc3 Qd6 19. Bxg7 Rhg8 20. Bxg8
Rxg8 21. dxe4 Qd2 22. Qf5 Rc8 23. Rad1 Qxc2 24. Qf8 a6 25. Qf2 Qxe4 26. Rfe1
Qg6 27. Bf6 h5 28. Bc3 Qg5 29. h4 Qg4 30. Bf6 Qb4 31. Qf3 Qxb2 32. Bxb2 Rh8 33.
g4 hxg4 34. Qxg4 Nb4 35. Bxh8 a5 36. Rd8+ Ka7 37. Qg5 c4 38. Qc5+ b6 39. Qxc4
b5 40. Qc5+ Ka6 41. Re6+ Kb7 42. Qxb5+ Ka7 43. Qxa5+ Kb7 44. Qxb4+ Ka7 45. Qa5+
Kb7 46. Qa6# 1-0